000 00543nam a2200169Ia 4500
005 20250923145128.0
008 008 250917s9999 xx 000 0 eng d
037 _aTextual
040 _aDSWL
_beng
_cDSWL
041 _aeng
_2eng
084 _aY33:7:7.251,01,N67t4, N68
_qDSWL
100 _aVaid, Sudha
_9832049
245 0 _aStudy of community centre Manakpura
_cby Sudha Vaid
260 _aDelhi
_bSchool of Social Work
_c1968
942 _cTEXL
_hY33:7:7.251,01,N67t4, N68
999 _c1447492
_d1447492